| 000 | 00769nam a2200205 i 4500 | ||
|---|---|---|---|
| 001 | bg | ||
| 100 | 1 | _aSuknarowska-Drzewiecka, Ewa. | |
| 245 | 0 | 0 |
_aKodeks pracy z komentarzem : _bwybrane problemy / _cEwa Suknarowska-Drzewiecka. |
| 260 |
_aWarszawa : _bWydaw. AD. Drągowski, _c2005. |
||
| 300 |
_a154, [6] s. ; _c23 cm + _eCD ROM. |
||
| 500 | _aCD ROM zawiera : Formularze z możliwiścią wypełnienia i wydruku, ustawy z zakresu prawa pracy i prawa cywilnego, rozporządzenia z zakresu prawa pracy, Orzecznictwo Sądu Najwyższego. | ||
| 650 | 9 |
_aPrawo pracy _zPolska _ystan na 2005 r. |
|
| 020 | _a8389604442 | ||
| 040 | _cBPK | ||
| 041 | 0 | _apol | |
| 080 | _a349.2(438) | ||
| 920 | _a83-89604-44-2 | ||
| 942 | _cKS | ||
| 008 | s pl f |000 0 pol | ||
| 999 |
_c46357 _d46357 |
||
| 856 |
_uhttp://koha.tu.koszalin.pl/cgi-bin/koha/opac-detail.pl?biblionumber=46357 _yKatalog online BPK |
||